"Hunde, die bellen, beißen nicht": Einstellungen Studierender zu Kriminalität und Strafe

Saved in:  
Bibliographic Details
Main Author: Meier, Bernd-Dieter 1955- (Author)
Format: Print Article
Language:German
Published: 2010
In: Verbrechen - Strafe - Resozialisierung
Year: 2010, Pages: 167-182
Check availability: HBZ Gateway
Keywords:

MARC

LEADER 00000caa a2200000 c 4500
001 1400838142
003 DE-627
005 20220613135152.0
007 tu
008 101004s2010 xx ||||| 00| ||ger c
020 |a 9783899496062 
035 |a (DE-627)1400838142 
035 |a (DE-576)330838148 
035 |a (DE-599)BSZ330838148 
040 |a DE-627  |b ger  |c DE-627  |e rakwb 
041 |a ger 
084 |a 2,1  |2 ssgn 
100 1 |a Meier, Bernd-Dieter  |d 1955-  |0 (DE-588)123012783  |0 (DE-627)082294089  |0 (DE-576)16218638X  |4 aut 
109 |a Meier, Bernd-Dieter 1955-  |a Meier, B. D. 1955- 
245 1 0 |a "Hunde, die bellen, beißen nicht"  |b Einstellungen Studierender zu Kriminalität und Strafe  |c Bernd-Dieter Meier 
264 1 |c 2010 
336 |a Text  |b txt  |2 rdacontent 
337 |a ohne Hilfsmittel zu benutzen  |b n  |2 rdamedia 
338 |a Band  |b nc  |2 rdacarrier 
689 0 0 |d s  |0 (DE-588)4033178-7  |0 (DE-627)10458503X  |0 (DE-576)209000511  |a Kriminalität  |2 gnd 
689 0 1 |d s  |0 (DE-588)4183475-6  |0 (DE-627)105302430  |0 (DE-576)210018895  |a Strafmaß  |2 gnd 
689 0 2 |d s  |0 (DE-588)4387933-0  |0 (DE-627)189149302  |0 (DE-576)211913332  |a Jurastudent  |2 gnd 
689 0 3 |d s  |0 (DE-588)4169229-9  |0 (DE-627)105411590  |0 (DE-576)209921315  |a Medizinstudent  |2 gnd 
689 0 4 |d s  |0 (DE-588)4013943-8  |0 (DE-627)104653892  |0 (DE-576)208906053  |a Einstellung  |2 gnd 
689 0 5 |d s  |0 (DE-588)4034036-3  |0 (DE-627)104682779  |0 (DE-576)209004711  |a Längsschnittuntersuchung  |2 gnd 
689 0 |5 (DE-627) 
773 0 8 |i In  |t Verbrechen - Strafe - Resozialisierung  |d Berlin [u.a.] : de Gruyter, 2010  |g 2010, S. [167] - 182  |h XIX, 1087 S.  |w (DE-627)635904713  |w (DE-576)329486446  |z 9783899496062  |7 nnam 
773 1 8 |g year:2010  |g pages:167-182 
935 |a mkri 
951 |a AR 
ELC |b 1 
LOK |0 000 xxxxxcx a22 zn 4500 
LOK |0 001 2649721715 
LOK |0 003 DE-627 
LOK |0 004 1400838142 
LOK |0 005 20101004105122 
LOK |0 008 101004||||||||||||||||ger||||||| 
LOK |0 040   |a DE-21-24  |c DE-627  |d DE-21-24 
LOK |0 852   |a DE-21-24 
LOK |0 852 1  |c In: J,IVa,211  |m p  |9 00 
LOK |0 935   |a uwfe 
LOK |0 936ln  |a J,IVa, 
LOK |0 938   |k p 
LOK |0 939   |a 04-10-10  |b l01 
LOK |0 000 xxxxxcx a22 zn 4500 
LOK |0 001 2899187716 
LOK |0 003 DE-627 
LOK |0 004 1400838142 
LOK |0 005 20251015135021 
LOK |0 008 160208||||||||||||||||ger||||||| 
LOK |0 040   |a DE-21-110  |c DE-627  |d DE-21-110 
LOK |0 852   |a DE-21-110 
LOK |0 852 1  |m p  |9 00 
LOK |0 935   |a k110 
LOK |0 938   |k p 
LOK |0 939   |a 08-02-16  |b l01 
LOK |0 000 xxxxxcx a22 zn 4500 
LOK |0 001 4293956158 
LOK |0 003 DE-627 
LOK |0 004 1400838142 
LOK |0 005 20230321082231 
LOK |0 008 230321||||||||||||||||ger||||||| 
LOK |0 040   |a DE-2619  |c DE-627  |d DE-2619 
LOK |0 092   |o n 
LOK |0 852   |a DE-2619 
LOK |0 852 1  |9 00 
LOK |0 866   |x #006 
LOK |0 935   |a krzx 
LOK |0 939   |a 21-03-23  |b l01 
ORI |a SA-MARC-krimdoka001.raw